| 000 | 00545nam a22001697a 4500 | ||
|---|---|---|---|
| 003 | LC | ||
| 005 | 20231107125844.0 | ||
| 008 | 151126b xxu||||| |||| 00| 0 eng d | ||
| 020 | _a9787561927915 | ||
| 050 |
_aTR IB PL 1129 _b.Y19 2010 |
||
| 100 | _aMa, Yamin | ||
| 245 |
_aEasy steps to chinese 7 textbook : _bsimplified characters version _cYamin Ma, Xinying Li |
||
| 260 |
_aBeijing : China _bBeijing Language and Culture University Press _c2010 |
||
| 300 |
_a234 pages., _bcol.,ill.; _c28 cm. |
||
| 700 | _aLi, Xinying | ||
| 942 |
_2lcc _cBK |
||
| 999 |
_c288982 _d288982 |
||